000 00587cam a22002291 4500
001 sa 66003556
003 DLC
005 20260227112236.0
008 890720s1964 ii b 000 0 hino
010 _asa 66003556
035 _a(OCoLC)20043773
040 _aDLC
_cWaU
_dDLC
042 _apremarc
050 0 0 _aPK1939
_b.N3
100 1 _aNārāyaṇa, Śivakumāra.
245 1 0 _aChanda-śāstra ki bhūmikā.
260 _c1964.
300 _a10, 3, 160 [1] p.
_c19 cm.
500 _aIn Hindi.
504 _aBibliography: p. [161]
650 0 _aHindi language
_xVersification.
999 _c68952
_d68952